[Event "Bruges Masters op"]
[Site "Bruges"]
[Date "2023.08.13"]
[Round "3"]
[White "Ferro, Mario"]
[Black "Faybish, Nimrod"]
[Result "1/2-1/2"]
[WhiteElo "2217"]
[BlackElo "2129"]
[PlyCount "62"]
[EventDate "2023.08.12"]
[EventType "swiss"]
[EventRounds "9"]
[EventCountry "BEL"]
[SourceTitle "CBM 215 Extra"]
[Source "ChessBase"]
[SourceDate "2023.09.30"]
[SourceVersion "1"]
[SourceVersionDate "2023.09.30"]
[SourceQuality "1"]

1. d4 Nf6 2. Nc3 d5 3. Bf4 a6 4. e3 e6 5. g4 h6 6. Qf3 b5 7. h4 b4 8. Nce2 Ne4 9. Ng3 Bb7 10. Bd3 Nxg3 11. Qxg3 Bd6 12. Nf3 Nc6 13. h5 Bxf4 14. Qxf4 Qd6 15. g5 Qxf4 16. exf4 Ke7 17. Kd2 a5 18. Rae1 Kd6 19. f5 exf5 20. gxh6 gxh6 21. Bb5 Na7 22. Bd3 Nc6 23. Ne5 Nxe5 24. Rxe5 Bc8 25. Rg1 Be6 26. Bxf5 Rhg8 27. Rge1 Rae8 28. Bh3 Re7 29. f4 Ree8 30. R1e3 c6 31. a3 Bd7 1/2-1/2

[Event "Titled Tuesday intern op 01st Aug Early"]
[Site "Chess.com INT"]
[Date "2023.08.01"]
[Round "3"]
[White "Ferro, Mario"]
[Black "Shapiro, Viktor"]
[Result "1-0"]
[WhiteElo "2217"]
[BlackElo "2144"]
[PlyCount "43"]
[EventDate "2023.08.01"]
[EventType "swiss (blitz)"]
[EventRounds "11"]
[EventCountry "USA"]
[SourceTitle "EXT 2024"]
[Source "ChessBase"]
[SourceDate "2023.10.10"]
[SourceVersion "1"]
[SourceVersionDate "2023.10.10"]
[SourceQuality "1"]

1. d4 Nf6 2. Nf3 g6 3. g3 Bg7 4. Bg2 0-0 5. 0-0 d6 6. c4 c5 7. Nc3 Nc6 8. d5 Na5 9. Qd3 a6 10. e4 b5 11. cxb5 axb5 12. e5 Ng4 13. e6 fxe6 14. dxe6 b4 15. Nd5 Bxe6 16. Bg5 Ra7 17. Rfe1 Bf5 18. Nxe7+ Rxe7 19. Qd5+ Ref7 20. Bxd8 Rxd8 21. Ng5 Ne5 22. Rxe5 1-0

[Event "Titled Tuesday intern op 01st Aug Early"]
[Site "Chess.com INT"]
[Date "2023.08.01"]
[Round "1"]
[White "Fonseca Manrique, Enrique"]
[Black "Ferro, Mario"]
[Result "0-1"]
[WhiteElo "2169"]
[BlackElo "2217"]
[PlyCount "56"]
[EventDate "2023.08.01"]
[EventType "swiss (blitz)"]
[EventRounds "11"]
[EventCountry "USA"]
[SourceTitle "EXT 2024"]
[Source "ChessBase"]
[SourceDate "2023.10.10"]
[SourceVersion "1"]
[SourceVersionDate "2023.10.10"]
[SourceQuality "1"]

1. e4 c5 2. Nc3 d6 3. f4 g6 4. Nf3 Bg7 5. Bb5+ Bd7 6. Bc4 e6 7. 0-0 Bc6 8. f5 d5 9. fxe6 fxe6 10. exd5 exd5 11. Qe1+ Ne7 12. Bb3 c4 13. Ba4 0-0 14. d4 Nf5 15. Bg5 Qd6 16. Rd1 Nd7 17. Bxc6 bxc6 18. Ne2 Rae8 19. Qd2 Nf6 20. Nc3 Ne4 21. Nxe4 Rxe4 22. c3 Rfe8 23. Rde1 h6 24. Rxe4 Rxe4 25. Bxh6 Bxh6 26. Qc2 Ne3 27. Qc1 Ng4 28. Qd1 Be3+ 0-1

[Event "Titled Tuesday intern op 01st Aug Early"]
[Site "Chess.com INT"]
[Date "2023.08.01"]
[Round "7"]
[White "Kayis, Gulcan Sena"]
[Black "Ferro, Mario"]
[Result "1-0"]
[WhiteElo "1766"]
[BlackElo "2217"]
[PlyCount "45"]
[EventDate "2023.08.01"]
[EventType "swiss (blitz)"]
[EventRounds "11"]
[EventCountry "USA"]
[SourceTitle "EXT 2024"]
[Source "ChessBase"]
[SourceDate "2023.10.10"]
[SourceVersion "1"]
[SourceVersionDate "2023.10.10"]
[SourceQuality "1"]

1. e4 c5 2. c3 d6 3. d4 Nf6 4. Bd3 e5 5. dxc5 dxc5 6. Nf3 Qc7 7. 0-0 a6 8. a4 c4 9. Bc2 Bc5 10. Nbd2 Bb6 11. Qe2 Ng4 12. Qxc4 Bxf2+ 13. Rxf2 Qb6 14. Qxc8+ Ke7 15. Qxh8 Qxf2+ 16. Kh1 Ne3 17. Qxg7 Nc6 18. Qg3 Qe2 19. Bb3 Rd8 20. Nc4 Rd1+ 21. Bxd1 Qf1+ 22. Ng1 Nxd1 23. Be3 1-0

[Event "Titled Tuesday intern op 02nd May Late"]
[Site "Chess.com INT"]
[Date "2023.05.02"]
[Round "1"]
[White "Danielyan, Vahe"]
[Black "Ferro, Mario"]
[Result "1-0"]
[WhiteElo "2346"]
[BlackElo "2217"]
[PlyCount "57"]
[EventDate "2023.05.02"]
[EventType "swiss (blitz)"]
[EventRounds "11"]
[EventCountry "USA"]
[SourceTitle "EXT 2024"]
[Source "ChessBase"]
[SourceDate "2023.10.10"]
[SourceVersion "1"]
[SourceVersionDate "2023.10.10"]
[SourceQuality "1"]

1. e4 g6 2. d4 Bg7 3. Nc3 d6 4. Nf3 a6 5. h3 Nd7 6. Be2 b5 7. 0-0 Bb7 8. a3 e5 9. Bg5 f6 10. Be3 Ne7 11. Qd2 0-0 12. Rad1 f5 13. dxe5 Nxe5 14. Nd4 Qd7 15. exf5 Nxf5 16. Nxf5 gxf5 17. f4 Nc4 18. Bxc4+ bxc4 19. Bd4 Rae8 20. Rde1 Rxe1 21. Rxe1 Re8 22. Rxe8+ Qxe8 23. Bxg7 Kxg7 24. Qd4+ Kg6 25. Qxc4 c5 26. Qd3 Qc6 27. Qg3+ Kf6 28. Qg5+ Ke6 29. Kh2 1-0

[Event "Titled Tuesday intern op 02nd May Late"]
[Site "Chess.com INT"]
[Date "2023.05.02"]
[Round "2"]
[White "Ferro, Mario"]
[Black "Bochnicka, Vladimir1111"]
[Result "1-0"]
[WhiteElo "2217"]
[BlackElo "2327"]
[PlyCount "61"]
[EventDate "2023.05.02"]
[EventType "swiss (blitz)"]
[EventRounds "11"]
[EventCountry "USA"]
[SourceTitle "EXT 2024"]
[Source "ChessBase"]
[SourceDate "2023.10.10"]
[SourceVersion "1"]
[SourceVersionDate "2023.10.10"]
[SourceQuality "1"]

1. d4 Nf6 2. f4 d5 3. Nf3 e6 4. e3 Bd6 5. Bd3 b6 6. 0-0 Bb7 7. Nbd2 0-0 8. Qe2 c5 9. c3 Ne4 10. Bxe4 dxe4 11. Ng5 Ba6 12. c4 Be7 13. Ngxe4 cxd4 14. Nf3 d3 15. Qf2 Bxc4 16. Rd1 Nc6 17. b3 Bd5 18. Nc3 Bxf3 19. Qxf3 Rc8 20. Bb2 Bf6 21. e4 Bxc3 22. Bxc3 Nd4 23. Qxd3 Rxc3 24. Qxd4 Qc7 25. e5 h6 26. h3 Rc8 27. Rd2 Rc2 28. Rad1 Rxd2 29. Rxd2 Qc1+ 30. Kh2 Rc2 31. Qd8+ 1-0

[Event "Titled Tuesday intern op 02nd May Late"]
[Site "Chess.com INT"]
[Date "2023.05.02"]
[Round "4"]
[White "Sanhueza, Cristian"]
[Black "Ferro, Mario"]
[Result "1-0"]
[WhiteElo "2177"]
[BlackElo "2217"]
[PlyCount "23"]
[EventDate "2023.05.02"]
[EventType "swiss (blitz)"]
[EventRounds "11"]
[EventCountry "USA"]
[SourceTitle "EXT 2024"]
[Source "ChessBase"]
[SourceDate "2023.10.10"]
[SourceVersion "1"]
[SourceVersionDate "2023.10.10"]
[SourceQuality "1"]

1. e4 b6 2. d4 Bb7 3. Nc3 e6 4. Bd3 Nf6 5. Qe2 Bb4 6. Bd2 d5 7. e5 Bxc3 8. Bxc3 Ne4 9. Qg4 0-0 10. Nh3 h6 11. Nf4 c5 12. h4 1-0

[Event "Titled Tuesday intern op 11th Jan"]
[Site "Chess.com INT"]
[Date "2022.01.11"]
[Round "1"]
[White "Ferro, Mario"]
[Black "Shirazi, Kamran"]
[Result "0-1"]
[WhiteElo "2217"]
[BlackElo "2311"]
[PlyCount "82"]
[EventDate "2022.01.11"]
[EventType "swiss (blitz)"]
[EventRounds "11"]
[EventCountry "USA"]
[SourceTitle "CBM 206 Extra"]
[Source "ChessBase"]
[SourceDate "2022.03.31"]
[SourceVersion "1"]
[SourceVersionDate "2022.03.31"]
[SourceQuality "1"]

1. d4 e5 2. dxe5 Nc6 3. e4 f6 4. e6 d6 5. c4 Bxe6 6. Nc3 f5 7. Bd3 fxe4 8. Nxe4 Nf6 9. Bg5 Be7 10. Nxf6+ Bxf6 11. Qh5+ g6 12. Bxg6+ Kd7 13. Bxf6 Qxf6 14. Bd3 Qxb2 15. Rd1 Raf8 16. Ne2 Ne5 17. h3 Nxd3+ 18. Rxd3 Rf5 19. Qh6 Bxc4 20. Rd2 Qa1+ 21. Rd1 Qe5 22. 0-0 Bxe2 23. Rfe1 Qf6 24. Qxf6 Rxf2 25. Rxe2 Rxf6 26. Rb1 b6 27. Rc2 c5 28. a4 Rg8 29. a5 Rxg2+ 30. Rxg2 Kc6 31. Rg4 b5 32. Rg2 b4 33. a6 d5 34. Rg7 Kb6 35. Ra1 Rf3 36. Rb7+ Kc6 37. Rxa7 b3 38. Rb7 c4 39. Rb4 Kc5 40. Rb8 Rf7 41. a7 c3 0-1

[Event "Titled Tuesday intern op 21st Sept"]
[Site "Chess.com INT"]
[Date "2021.09.21"]
[Round "1"]
[White "Ferro, Mario"]
[Black "Aldokhin, Ivan"]
[Result "0-1"]
[WhiteElo "2243"]
[BlackElo "2413"]
[PlyCount "104"]
[EventDate "2021.09.21"]
[EventType "swiss (blitz)"]
[EventRounds "9"]
[EventCountry "USA"]
[SourceTitle "EXT 2022"]
[Source "ChessBase"]
[SourceDate "2021.10.06"]
[SourceVersion "1"]
[SourceVersionDate "2021.10.06"]
[SourceQuality "1"]

1. c4 Nf6 2. Nc3 g6 3. e4 Bg7 4. Nge2 d6 5. g3 0-0 6. Bg2 Nc6 7. 0-0 e5 8. d4 exd4 9. Nxd4 Re8 10. Be3 Ng4 11. Nxc6 Nxe3 12. Nxd8 Nxd1 13. Rfxd1 Rxd8 14. Rac1 Bg4 15. Rd3 c6 16. b3 Kf8 17. h3 Be6 18. Nd1 Ke7 19. Ne3 a5 20. f4 a4 21. f5 Bc8 22. Rcd1 axb3 23. axb3 Rd7 24. Kh2 Ra2 25. h4 h5 26. Kh1 Be5 27. g4 Rd8 28. g5 Re8 29. c5 dxc5 30. Nc4 Bd4 31. b4 gxf5 32. bxc5 Bxc5 33. exf5 Bxf5 34. Rf3 Bg4 35. Re1+ Kf8 36. Rxe8+ Kxe8 37. Rb3 b5 38. Bxc6+ Ke7 39. Ne3 Be6 40. Bd5 Bxd5+ 41. Nxd5+ Kd6 42. Nf6 Ra4 43. Rxb5 Rxh4+ 44. Kg2 Be3 45. Kf3 Bc1 46. Ne4+ Ke6 47. Rb6+ Kf5 48. Rb5+ Kg6 49. Rb6+ Kg7 50. Rb5 Rf4+ 51. Ke2 Rxe4+ 52. Kd1 Bf4 0-1

[Event "Titled Tuesday intern op 21st Sept"]
[Site "Chess.com INT"]
[Date "2021.09.21"]
[Round "4"]
[White "Ferro, Mario"]
[Black "Ronka, Erik"]
[Result "0-1"]
[WhiteElo "2243"]
[BlackElo "2324"]
[PlyCount "40"]
[EventDate "2021.09.21"]
[EventType "swiss (blitz)"]
[EventRounds "9"]
[EventCountry "USA"]
[SourceTitle "EXT 2022"]
[Source "ChessBase"]
[SourceDate "2021.10.06"]
[SourceVersion "1"]
[SourceVersionDate "2021.10.06"]
[SourceQuality "1"]

1. c4 Nf6 2. Nc3 g6 3. e4 d6 4. g3 Bg7 5. Bg2 0-0 6. Nge2 c6 7. 0-0 a6 8. b3 b5 9. Bb2 Nbd7 10. d3 Bb7 11. h3 Qb6 12. Kh2 e5 13. Qd2 Rad8 14. d4 Rfe8 15. d5 cxd5 16. Nxd5 Nxd5 17. cxd5 b4 18. f3 a5 19. Rfc1 Nc5 20. Bf1 f5 0-1

[Event "Titled Tuesday intern op 07th Sept"]
[Site "Chess.com INT"]
[Date "2021.09.07"]
[Round "2"]
[White "Sammed Jaykumar, Shete"]
[Black "Ferro, Mario"]
[Result "1-0"]
[WhiteElo "2412"]
[BlackElo "2243"]
[PlyCount "41"]
[EventDate "2021.09.07"]
[EventType "swiss (blitz)"]
[EventRounds "11"]
[EventCountry "USA"]
[SourceTitle "EXT 2022"]
[Source "ChessBase"]
[SourceDate "2021.10.06"]
[SourceVersion "1"]
[SourceVersionDate "2021.10.06"]
[SourceQuality "1"]

1. d4 Nf6 2. c4 e6 3. Nf3 d5 4. e3 b6 5. cxd5 exd5 6. Nc3 a6 7. Bd3 Bd6 8. 0-0 0-0 9. Ne5 Bb7 10. f4 Ne4 11. Qf3 f6 12. Nxe4 fxe5 13. Nxd6 cxd6 14. Qh3 g6 15. Bd2 Bc8 16. Qg3 e4 17. Be2 Nd7 18. f5 Kg7 19. fxg6 hxg6 20. Qxd6 Nf6 21. Bb4 1-0

[Event "Titled Tuesday intern op 07th Sept"]
[Site "Chess.com INT"]
[Date "2021.09.07"]
[Round "3"]
[White "Seifert, Henryk"]
[Black "Ferro, Mario"]
[Result "1-0"]
[WhiteElo "2159"]
[BlackElo "2243"]
[PlyCount "85"]
[EventDate "2021.09.07"]
[EventType "swiss (blitz)"]
[EventRounds "11"]
[EventCountry "USA"]
[SourceTitle "EXT 2022"]
[Source "ChessBase"]
[SourceDate "2021.10.06"]
[SourceVersion "1"]
[SourceVersionDate "2021.10.06"]
[SourceQuality "1"]

1. e4 c5 2. Nf3 d6 3. c3 Nf6 4. Be2 e6 5. 0-0 Be7 6. Re1 0-0 7. Bf1 b6 8. d4 Bb7 9. Bd3 Nbd7 10. Nbd2 Qc7 11. a4 a6 12. Qe2 e5 13. dxe5 dxe5 14. Nc4 b5 15. axb5 axb5 16. Rxa8 Rxa8 17. Na3 c4 18. Nxb5 cxd3 19. Nxc7 dxe2 20. Nxa8 Bxa8 21. Rxe2 Bxe4 22. Bg5 Bxf3 23. gxf3 Kf8 24. b4 Ke8 25. f4 e4 26. Kg2 h6 27. Bxf6 Nxf6 28. b5 Kd7 29. c4 Kc7 30. f3 e3 31. Rxe3 Bd6 32. f5 Nh5 33. Re8 Nf4+ 34. Kf2 f6 35. Rg8 Nd3+ 36. Ke3 Ne5 37. Rxg7+ Kb6 38. Ke4 Nxc4 39. Rg6 Be7 40. Rxh6 Nd6+ 41. Kf4 Kxb5 42. Rh7 Bd8 43. Rd7 1-0

[Event "Titled Tuesday intern op 17th Aug"]
[Site "Chess.com INT"]
[Date "2021.08.17"]
[Round "3"]
[White "Ferro, Mario"]
[Black "Turayev, Shahruh"]
[Result "0-1"]
[WhiteElo "2243"]
[BlackElo "2217"]
[PlyCount "68"]
[EventDate "2021.08.17"]
[EventType "swiss (blitz)"]
[EventRounds "11"]
[EventCountry "USA"]
[SourceTitle "EXT 2022"]
[Source "ChessBase"]
[SourceDate "2021.10.06"]
[SourceVersion "1"]
[SourceVersionDate "2021.10.06"]
[SourceQuality "1"]

1. d4 c5 2. Nf3 Nf6 3. d5 g6 4. c4 Bg7 5. Nc3 d6 6. e4 0-0 7. Be2 b5 8. cxb5 a6 9. bxa6 Bxa6 10. 0-0 Qa5 11. e5 Ng4 12. e6 f5 13. Bd2 Bxe2 14. Nxe2 Qb6 15. Bc3 Na6 16. Qd2 Nc7 17. Bxg7 Kxg7 18. b3 Nf6 19. Nf4 Qb4 20. Qxb4 cxb4 21. Rfd1 Ra7 22. Rac1 Nb5 23. Rc4 Rxa2 24. Rxb4 Nc3 25. Re1 Nfxd5 26. Nxd5 Nxd5 27. Rb7 Kf6 28. Nd4 Rc8 29. h4 Rd2 30. Nf3 Rb2 31. Rd1 Nf4 32. Ng5 h6 33. Nh7+ Ke5 34. Re1+ Re2 0-1

[Event "Titled Tuesday intern op 17th Aug"]
[Site "Chess.com INT"]
[Date "2021.08.17"]
[Round "1"]
[White "Matinian, Nikita"]
[Black "Ferro, Mario"]
[Result "1-0"]
[WhiteElo "2436"]
[BlackElo "2243"]
[PlyCount "67"]
[EventDate "2021.08.17"]
[EventType "swiss (blitz)"]
[EventRounds "11"]
[EventCountry "USA"]
[SourceTitle "EXT 2022"]
[Source "ChessBase"]
[SourceDate "2021.10.06"]
[SourceVersion "1"]
[SourceVersionDate "2021.10.06"]
[SourceQuality "1"]

1. e4 c5 2. Nf3 d6 3. d4 cxd4 4. Nxd4 Nf6 5. Nc3 a6 6. h3 e5 7. Nde2 h5 8. Ng1 b5 9. Nf3 Bb7 10. Bg5 Nbd7 11. a4 b4 12. Nd5 Bxd5 13. exd5 Be7 14. a5 Qc7 15. Be2 Qb7 16. 0-0 Qxd5 17. Qxd5 Nxd5 18. Rfd1 Bxg5 19. Nxg5 Nf4 20. Bf3 Rc8 21. Rxd6 Rh6 22. Nxf7 Kxf7 23. Rxd7+ Kf8 24. Rb7 Rxc2 25. Rxb4 Rd6 26. Rb8+ Ke7 27. Rb7+ Kf6 28. b4 Rdd2 29. Rb6+ Kg5 30. Rf1 Rb2 31. Rxa6 Rxb4 32. g3 Nxh3+ 33. Kg2 Rb3 34. Be4 1-0

[Event "Titled Tuesday intern op 03rd Aug"]
[Site "Chess.com INT"]
[Date "2021.08.03"]
[Round "4"]
[White "Pert, Richard G"]
[Black "Ferro, Mario"]
[Result "1-0"]
[WhiteElo "2416"]
[BlackElo "2243"]
[PlyCount "103"]
[EventDate "2021.08.03"]
[EventType "swiss (blitz)"]
[EventRounds "11"]
[EventCountry "USA"]
[SourceTitle "CBM 203 Extra"]
[Source "ChessBase"]
[SourceDate "2021.09.30"]
[SourceVersion "1"]
[SourceVersionDate "2021.09.30"]
[SourceQuality "1"]

1. e4 c5 2. Nf3 d6 3. d4 Nf6 4. Nc3 cxd4 5. Nxd4 a6 6. Bd3 e5 7. Nde2 Be7 8. 0-0 b5 9. Ng3 0-0 10. Qf3 Bg4 11. Qe3 Nc6 12. Nd5 h6 13. c3 Nxd5 14. exd5 Bg5 15. Qe4 f5 16. Qe1 Ne7 17. Bxg5 hxg5 18. f3 f4 19. fxg4 Qb6+ 20. Kh1 fxg3 21. Qe4 g6 22. h3 Rf4 23. Qe2 Raf8 24. Rxf4 gxf4 25. Be4 Qe3 26. Re1 Qxe2 27. Rxe2 Rc8 28. Kg1 Rc5 29. Rd2 Rc4 30. Bd3 Rc5 31. Be4 Kf7 32. Kf1 a5 33. Ke2 g5 34. Kf3 Nc8 35. Rd1 Nb6 36. h4 gxh4 37. Rh1 b4 38. cxb4 axb4 39. Rxh4 Nxd5 40. Rh7+ Kg8 41. Rd7 Ne3 42. Rxd6 Rc1 43. Bd3 Rd1 44. Bc4+ Kg7 45. Rxd1 Nxd1 46. a4 bxa3 47. bxa3 Nc3 48. a4 Kf6 49. a5 Kg5 50. Bd3 Nd5 51. a6 Nc7 52. a7 1-0

[Event "Titled Tuesday intern op 03rd Aug"]
[Site "Chess.com INT"]
[Date "2021.08.03"]
[Round "1"]
[White "Shkapenko, Pavel"]
[Black "Ferro, Mario"]
[Result "1-0"]
[WhiteElo "2424"]
[BlackElo "2243"]
[PlyCount "69"]
[EventDate "2021.08.03"]
[EventType "swiss (blitz)"]
[EventRounds "11"]
[EventCountry "USA"]
[SourceTitle "CBM 203 Extra"]
[Source "ChessBase"]
[SourceDate "2021.09.30"]
[SourceVersion "1"]
[SourceVersionDate "2021.09.30"]
[SourceQuality "1"]

1. e4 c5 2. c3 d6 3. d4 Nf6 4. Bd3 e5 5. dxc5 dxc5 6. Nf3 Qc7 7. 0-0 Be7 8. Na3 a6 9. Nc4 Nc6 10. a4 b6 11. Bg5 0-0 12. Ne3 Be6 13. Bxf6 Bxf6 14. Bc4 Bxc4 15. Nxc4 b5 16. Ne3 Ne7 17. axb5 axb5 18. Qb3 Qc6 19. Nd5 c4 20. Nxe7+ Bxe7 21. Qc2 f6 22. Rfd1 Bc5 23. h3 Rxa1 24. Rxa1 Ra8 25. Rd1 g5 26. Nh2 Kg7 27. Nf1 Ra2 28. Qd2 b4 29. Ng3 bxc3 30. Qxc3 Bd4 31. Nf5+ Kf7 32. Qf3 Rxb2 33. Qh5+ Ke6 34. Rxd4 exd4 35. Nxd4+ 1-0

[Event "ITA-chT 49th"]
[Site "Gallipoli"]
[Date "2017.04.30"]
[Round "6.5"]
[White "Sebastianelli, Diego"]
[Black "Ferro, Mario"]
[Result "0-1"]
[WhiteElo "2328"]
[BlackElo "2272"]
[PlyCount "78"]
[EventDate "2017.04.27"]
[EventType "team-swiss"]
[EventRounds "7"]
[EventCountry "ITA"]
[SourceTitle "CBM 178 Extra"]
[Source "ChessBase"]
[SourceDate "2017.06.22"]
[SourceVersion "1"]
[SourceVersionDate "2017.06.22"]
[SourceQuality "1"]
[WhiteTeam "Fano 1988"]
[BlackTeam "Banca IGEA"]
[WhiteTeamCountry "ITA"]
[BlackTeamCountry "ITA"]

1. d4 d5 2. Nc3 Nf6 3. Bg5 Nbd7 4. Qd3 h6 5. Bh4 e6 6. e4 dxe4 7. Nxe4 Be7 8. Nxf6+ Bxf6 9. Bxf6 Qxf6 10. Nf3 g5 11. 0-0-0 b6 12. h4 Qf4+ 13. Kb1 g4 14. Ne5 Nxe5 15. dxe5 0-0 16. Qc3 Bb7 17. Be2 c5 18. f3 Rad8 19. fxg4 Bxg2 20. Rhg1 Rxd1+ 21. Rxd1 Qf2 22. Qe1 Qxe1 23. Rxe1 Rd8 24. c3 Rd5 25. Bd1 Rd3 26. Kc1 Rh3 27. Rg1 Bd5 28. g5 Rxh4 29. gxh6+ Kf8 30. a3 Rxh6 31. Re1 Rh2 32. Bc2 Bf3 33. Re3 Bh5 34. Re1 Kg7 35. Rg1+ Bg6 36. Bxg6 fxg6 37. Rd1 g5 38. Rd6 g4 39. Rxe6 g3 0-1

[Event "Terre degli Elimi op 6th"]
[Site "Erice"]
[Date "2015.08.01"]
[Round "6"]
[White "Ferro, Mario"]
[Black "Gueci, Tea"]
[Result "0-1"]
[WhiteElo "2303"]
[BlackElo "2136"]
[PlyCount "72"]
[EventDate "2015.07.28"]
[EventType "swiss"]
[EventRounds "9"]
[EventCountry "ITA"]
[SourceTitle "EXT 2017"]
[Source "ChessBase"]
[SourceDate "2016.10.25"]
[SourceVersion "1"]
[SourceVersionDate "2016.10.25"]
[SourceQuality "1"]

1. e4 c6 2. d4 g6 3. Nc3 Bg7 4. Nf3 d6 5. h3 Nf6 6. g4 b5 7. a3 0-0 8. Bg2 Qc7 9. 0-0 Nbd7 10. e5 Nd5 11. exd6 Qxd6 12. Ne4 Qc7 13. Re1 e6 14. c3 Bb7 15. Qb3 Rac8 16. Bd2 a6 17. a4 N5b6 18. axb5 cxb5 19. Bg5 Nc4 20. Bh4 Bd5 21. Qc2 Qc6 22. g5 Nxb2 23. Qxb2 Bxe4 24. Ne5 Nxe5 25. Rxe4 Nd3 26. Qa2 Qxc3 27. Qxa6 Bxd4 28. Rf1 b4 29. Rd1 Nc5 30. Qxc8 Rxc8 31. Rexd4 e5 32. Rd8+ Rxd8 33. Rxd8+ Kg7 34. Bg3 b3 35. Rb8 b2 36. Be4 Qc1+ 0-1

[Event "Terre degli Elimi op 6th"]
[Site "Erice"]
[Date "2015.07.30"]
[Round "4"]
[White "Ferro, Mario"]
[Black "Santeramo, Alessia Carmen"]
[Result "0-1"]
[WhiteElo "2303"]
[BlackElo "2085"]
[PlyCount "102"]
[EventDate "2015.07.28"]
[EventType "swiss"]
[EventRounds "9"]
[EventCountry "ITA"]
[SourceTitle "EXT 2017"]
[Source "ChessBase"]
[SourceDate "2016.10.25"]
[SourceVersion "1"]
[SourceVersionDate "2016.10.25"]
[SourceQuality "1"]

1. d4 Nf6 2. Nf3 c5 3. d5 b5 4. Bg5 Ne4 5. Bf4 Bb7 6. Qd3 f5 7. Nc3 c4 8. Qd4 Qa5 9. Nd2 Nxc3 10. bxc3 Na6 11. e4 Qb6 12. Qe5 d6 13. Qxf5 g6 14. Qh3 Bg7 15. Be3 Qa5 16. Bd4 Bxd4 17. cxd4 Nb4 18. Rc1 Qa4 19. Be2 Nxc2+ 20. Kf1 Nxd4 21. Qc3 Nxe2 22. Kxe2 0-0 23. Rhe1 b4 24. Qc2 Qxc2 25. Rxc2 c3 26. Nf3 a5 27. Rb1 e5 28. Ke3 Ba6 29. Ne1 Rfc8 30. Nd3 Rab8 31. g3 g5 32. h3 Rc4 33. Nc1 a4 34. Ne2 Rcc8 35. Nc1 Kf7 36. f3 Kf6 37. Kf2 h5 38. Ke3 Kg6 39. Kf2 Kf7 40. Ke3 Kf6 41. Kf2 h4 42. gxh4 gxh4 43. Ke3 Bf1 44. Nd3 b3 45. axb3 axb3 46. Rxf1 bxc2 47. f4 exf4+ 48. Rxf4+ Ke7 49. Rf1 Rb1 50. Rc1 Rxc1 51. Nxc1 Rg8 0-1

[Event "Terre degli Elimi op 6th"]
[Site "Erice"]
[Date "2015.07.28"]
[Round "1"]
[White "Matsenko, Elena"]
[Black "Ferro, Mario"]
[Result "1/2-1/2"]
[WhiteElo "1996"]
[BlackElo "2303"]
[PlyCount "54"]
[EventDate "2015.07.28"]
[EventType "swiss"]
[EventRounds "9"]
[EventCountry "ITA"]
[SourceTitle "EXT 2017"]
[Source "ChessBase"]
[SourceDate "2016.10.25"]
[SourceVersion "1"]
[SourceVersionDate "2016.10.25"]
[SourceQuality "1"]

1. e4 c5 2. Nf3 d6 3. d4 cxd4 4. Qxd4 Nc6 5. Bb5 Bd7 6. Bxc6 bxc6 7. c4 Bg4 8. Qd3 Nf6 9. Nc3 g6 10. e5 dxe5 11. Qxd8+ Rxd8 12. Nxe5 Rd6 13. 0-0 Bf5 14. Be3 Nd7 15. Nxd7 Rxd7 16. Rfd1 Bg7 17. Rxd7 Kxd7 18. Rd1+ Kc7 19. Bxa7 Bxc3 20. bxc3 Be6 21. Bc5 Bxc4 22. Bxe7 Bxa2 23. f3 Re8 24. Bd6+ Kc8 25. Kf2 Bc4 26. Rd2 Re6 27. Bf4 Re7 1/2-1/2

[Event "ITA-chT 47th"]
[Site "Civitanova Marche"]
[Date "2015.04.29"]
[Round "2.3"]
[White "Ferro, Mario"]
[Black "Rombaldoni, Denis"]
[Result "1-0"]
[WhiteElo "2285"]
[BlackElo "2479"]
[PlyCount "115"]
[EventDate "2015.04.29"]
[EventType "team-swiss"]
[EventRounds "7"]
[EventCountry "ITA"]
[SourceTitle "CBM 166 Extra"]
[Source "ChessBase"]
[SourceDate "2015.06.18"]
[SourceVersion "1"]
[SourceVersionDate "2015.06.18"]
[SourceQuality "1"]
[WhiteTeam "Palermo"]
[BlackTeam "Chieti"]
[WhiteTeamCountry "ITA"]
[BlackTeamCountry "ITA"]

1. d4 Nf6 2. Nf3 e6 3. e3 c5 4. Bd3 d5 5. b3 cxd4 6. exd4 Bb4+ 7. c3 Bd6 8. Bg5 Nc6 9. 0-0 h6 10. Bh4 g5 11. Bg3 Nh5 12. Bxd6 Qxd6 13. Ne5 Nf4 14. Bb5 f6 15. Nd3 Bd7 16. Nxf4 gxf4 17. Qh5+ Ke7 18. Bxc6 bxc6 19. Nd2 Rag8 20. Nf3 Be8 21. Qh3 h5 22. Rfe1 Bd7 23. Nh4 Kf7 24. Qd3 c5 25. Rad1 cxd4 26. Qxd4 Qb6 27. c4 Qxd4 28. Rxd4 Rg4 29. cxd5 e5 30. Rb4 Rxh4 31. Rb7 Ke7 32. f3 a5 33. Ra7 Rc8 34. Rxa5 Kd8 35. Ra6 Rc5 36. Rxf6 Rxd5 37. Rf8+ Ke7 38. Rb8 Kd6 39. Rb4 Bc6 40. Rbe4 Rc5 41. b4 Rb5 42. g3 Rh3 43. Kg2 Bd7 44. Rd1+ Rd5 45. Rxd5+ Kxd5 46. gxf4 Rh4 47. Rxe5+ Kd4 48. Re7 Bf5 49. b5 Bc8 50. Re4+ Kd3 51. Rb4 Ke3 52. Re4+ Kd3 53. Re8 Rxf4 54. Rxc8 Ra4 55. b6 Rxa2+ 56. Kg3 h4+ 57. Kh3 Rb2 58. Rb8 1-0

[Event "Bratto op 34th"]
[Site "Bratto"]
[Date "2014.08.30"]
[Round "9"]
[White "Ferro, Mario"]
[Black "Janev, Evgeni"]
[Result "1-0"]
[WhiteElo "2242"]
[BlackElo "2439"]
[PlyCount "83"]
[EventDate "2014.08.22"]
[EventType "swiss"]
[EventRounds "9"]
[EventCountry "ITA"]
[SourceTitle "CBM 162 Extra"]
[Source "ChessBase"]
[SourceDate "2014.10.17"]
[SourceVersion "1"]
[SourceVersionDate "2014.10.17"]
[SourceQuality "1"]

1. d4 Nf6 2. c4 g6 3. Nf3 Bg7 4. g3 0-0 5. Bg2 d6 6. 0-0 c6 7. Nc3 Qa5 8. e4 Bg4 9. h3 Bxf3 10. Qxf3 Nbd7 11. Rd1 c5 12. dxc5 Qxc5 13. e5 Nxe5 14. Qxb7 Nxc4 15. Qxe7 Rfe8 16. Qb7 Rab8 17. Qf3 Re6 18. b3 Ne5 19. Qe3 Qa5 20. Qd2 d5 21. Bb2 Rd8 22. Nxd5 Rxd5 23. Bxd5 Qxd5 24. Qxd5 Nxd5 25. Rxd5 Nf3+ 26. Kg2 Bxb2 27. Rb1 Ne1+ 28. Kf1 Bc3 29. Rc1 Bb4 30. a3 Bxa3 31. Rxe1 Rb6 32. Re3 a6 33. Rd8+ Kg7 34. Rd7 Kf8 35. Rf3 Be7 36. Ra7 Rc6 37. Kg2 h5 38. Rd3 Rf6 39. Re3 Bc5 40. Rf3 Re6 41. Raxf7+ Ke8 42. R7f6 1-0